Logo BPK

Biblioteka

Politechniki Koszalińskiej

Der Verkehrsingenieur im Stadt- und Landstrassenbau / (Rekord nr 11727)

Szczegóły MARC
000 -ETYKIETA REKORDU
podpole kontrolne o stałej długości 00536nam a2200193 i 4500
001 - NUMER KONTROLNY REKORDU
pole kontrolne bg
040 ## - ŹRÓDŁO KATALOGOWANIA
Instytucja, która utworzyła rekord BPK
041 ## - KOD JĘZYKA
Kod języka tekstu pol
080 ## - UNIWERSALNA KLASYFIKACJA DZIESIĘTNA - UKD
UKD 656.1:711.4
008 - POLE O STAŁEJ DŁUGOŚCI - DANE KONTROLNE
podpole kontrolne o stałej długości s pl f |000 0 pol
100 1# - NAZWA OSOBOWA
Nazwa osobowa BRAMANN, Karl
245 #4 - TYTUŁ/ODPOWIEDZIALNOŚĆ
Tytuł Der Verkehrsingenieur im Stadt- und Landstrassenbau /
Pozostałe elementy strefy tytułu i oznaczenia odpowiedzialności K. Bramann.
260 ## - STREFA ADRESU WYDAWNICZEGO
Miejsce wydania Düsseldorf,
Data publikacji, dystrybucji/powstania dokumentu 1967.
490 1# - STREFA SERII I DOKUMENTU WIELOCZĘŚCIOWEGO - FORMA NIE DO WYSZUKIWANIA
Tytuł i oznaczenie odpowiedzialności serii Bautechnische Tabellensammlung ;
Numeracja w obrębie serii Bd.5
700 1# - HASŁO DODATKOWE - NAZWA OSOBOWA
Nazwa osobowa METSCHIES, Gerhard
700 1# - HASŁO DODATKOWE - NAZWA OSOBOWA
Nazwa osobowa Berger, Karl Reinhard
830 ## - HASŁO DODATKOWE SERII LUB DOKUMENTU WIELOCZĘŚCIOWEGO - TYTUŁ UJEDNOLICONY
Tytuł ujednolicony Bautechnische Tabellensammlung ;
856 ## - LOKALIZACJA I DOSTĘP DO ELEKTRONICZNYCH DOKUMENTÓW ZDALNYCH
Link (URL) http://koha.tu.koszalin.pl/cgi-bin/koha/opac-detail.pl?biblionumber=11727
Tekst linku Katalog online BPK
942 ## - DODATKOWE ELEMENTY (KOHA)
Typ dokumentu Książka
Egzemplarze
Wycofany Status egzemplarza Uszkodzony Dostępność Lokalizacja stała Lokalizacja bieżąca Miejsce przechowywania Sygnatura Kod kreskowy Typ dokumentu
      Dostępny Biblioteka Politechniki Koszalińskiej Biblioteka Politechniki Koszalińskiej Wypożyczalnia BG 5395 02191102 Książka
© 2023 Biblioteka Politechniki Koszalińskiej :: KOHA